000 00591cas a22002055a 4500
001 L415
008 070709c1993 xxkqr p 0 a0eng
035 _a(Sirsi) u99033
041 _aeng
110 2 _aRoyal Institution of Chartered Surveyors
_bUrban Regeneration Forum
_95259
245 0 0 _aUrban Regeneration Forum
_bNewsletter
260 _aLondon
_bRICS
_c[1993]-
350 _a0
362 _a(2) Winter 1994-(13) Autumn 1996
554 _aFour per year
651 4 _aUnited Kingdom
_y
690 _aPROPERTY-PROPERTY MANAGEMENT-REGENERATION
942 _n0
948 _c07/02/1996
999 _c118624
_d118624